Statistiques concernant BIBLE - Les 12 disciples de Jésus

Cliquez ici pour prendre le quiz!

Statistiques générales

  • Ce quiz a été pris 82 fois
  • Le résultat moyen est 6 sur 12

Statistiques - réponses

Disciple% Correct
Jean
87%
Pierre
86%
Judas Iscariot
84%
Matthieu
66%
Simon
47%
Thomas
46%
André
37%
Barthélemy
34%
Philippe
24%
Jude
21%
Jacques, fils de Zébédée
14%
Jacques, fils d'Alphée
13%

Distribution des résultats

Percentile par nombre de réponses

% des personnes avec chaque résultat

Votre développement - résultats

Vous n’avez pas pris ce quiz